| 000 | 00758cab a2200181 4500 | ||
|---|---|---|---|
| 001 | L130526 | ||
| 008 | 050808n2005 000 0 eng u | ||
| 035 | _a(Sirsi) u130526 | ||
| 041 | _aeng | ||
| 100 | _aParker, David | ||
| 245 | _aAre you sure it all adds up? | ||
| 260 | _c2005 | ||
| 490 |
_aEstates Gazette _v(0530) 30 July 2005, 86(1) |
||
| 520 | _aAdvises ratepayers to ensure that local authorities have interpreted the new business rate laws correctly when calculating rates bills and that the local authority's software is reliable. A particular problem area is undercharging and advises on how to avoid this problem. | ||
| 590 | _aIKA160805 | ||
| 690 | _aPROPERTY-COMMERCIAL PROPERTY-COMMERCIAL PROPERTY TAXATION-BUSINESS RATES | ||
| 942 | _n0 | ||
| 999 |
_c75678 _d75678 |
||